Niekde sa skrátia intervaly, inde pribudnú nové spoje DPMK odštartuje od štvrtka 2. septembra zmeny v grafikone MHD

Podrobná bibliografia
Médium: Článok
Jazyk:Slovak
Témy:
Zdroj: 1. Košický večer. Korzár 1. Roč. XX, č. 34 (2010), s. 2 1. 1336-5320
LEADER 00816nab#a2200289#ar4500
001 000108077
003 SVKKK
005 20120510105303.0
008 120510c2010 xo |||||||||||||||b|slo
FMT
038 |a SVKKK 
040 |a SVKKK  |b slo  |e AACR2 
041 0 |a slo 
044 |a xo  |c SK 
080 |a 656.121  |2 1997 
245 1 0 |a Niekde sa skrátia intervaly, inde pribudnú nové spoje  |b DPMK odštartuje od štvrtka 2. septembra zmeny v grafikone MHD  |c [autor] mia 
300 |b Obr. 
610 2 4 |a DPMK (Košice, Slovensko) 
650 0 4 |a cestovanie MHD 
650 0 4 |a cestovný poriadok MHD  |x zmeny v grafikone 
651 4 |a Košice (Slovensko) 
773 0 |t Košický večer. Korzár  |g Roč. XX, č. 34 (2010), s. 2  |x 1336-5320 
974 |a Va 
992 |a RBX 
BAS
852 |a SVKKK  |b BIB 
998 |a REG